000 00609nam a22002537a 4500
003 UA-OsUOA
001 24884
007 ta
008 20040303b un ||||| |||| 00| 0 ukr d
100 _aРыжаков А.П.
090 _a343.13
_bР93
942 _cBK
040 _aUA-OsUOA
_brus
_cUA-OsUOA
_dUA-OsUOA
245 _aСборник задач по уголовному процессу
300 _a160 с.
955 _a0
041 _arus
080 _a343.13
020 _a5-7990-0335-7
260 _aМосква
_bПриор
_c1999
044 _aRU
650 7 _2UDC
999 _c311170
_d311170